Central Library OPAC University of Rajshahi

The making of man / (Record no. 29305)

MARC details
000 -LEADER
fixed length control field 00738nam a22002531 4500
001 - CONTROL NUMBER
control field 29305
003 - CONTROL NUMBER IDENTIFIER
rucl marc code BD-RjUL
005 - DATE AND TIME OF LATEST TRANSACTION
control field 20211209051409.0
008 - FIXED-LENGTH DATA ELEMENTS--GENERAL INFORMATION
fixed length control field 140403s1963 enk 001 0 eng
035 ## - SYSTEM CONTROL NUMBER
System control number (BD-RjUL)29390
System control number (OCoLC)475737
040 ## - CATALOGING SOURCE
Original cataloging agency DLC
Transcribing agency ONcM
Modifying agency OCoLC
-- Uk
-- OCoLC
-- DLC
-- BD-RjUL
Language of cataloging eng
041 ## - LANGUAGE CODE
Language code of text/sound track or separate title eng
082 ## - DEWEY DECIMAL CLASSIFICATION NUMBER
Classification number 149.3
Author mark and year WAM 1963
100 1# - MAIN ENTRY--PERSONAL NAME
Personal name Walker, Kenneth,
Dates associated with a name 1882-1966.
9 (RLIN) 89424
245 14 - TITLE STATEMENT
Title The making of man /
Statement of responsibility, etc. Kenneth Walker.
260 ## - PUBLICATION, DISTRIBUTION, ETC. (IMPRINT)
Place of publication, distribution, etc. London :
Name of publisher, distributor, etc. Routledge & K. Paul,
Date of publication, distribution, etc. c1963.
300 ## - PHYSICAL DESCRIPTION
Pagination vi,163 p. :
Illustrations ill.,ports. ;
Size 23cm.
504 ## - BIBLIOGRAPHY, ETC. NOTE
Bibliography, etc Includes index.
600 10 - SUBJECT ADDED ENTRY--PERSONAL NAME
Personal name Gurdjieff, Georges Ivanovitch,
Dates associated with a name 1872-1949.
942 ## - ADDED ENTRY ELEMENTS (KOHA)
Source of classification or shelving scheme Dewey Decimal Classification
Koha item type Books
Holdings
Lost status Source of classification or shelving scheme Damaged status Not for loan Collection code Permanent Location Current Location Shelving location Date acquired Source of acquisition Cost, normal purchase price Total Checkouts Full call number Date last seen Copy number Koha item type
  Dewey Decimal Classification   Added to bundle Non-fiction Central Library, University of Rajshahi Central Library, University of Rajshahi Reading Room 17/07/1968 Sweet + Zeitlinger 21.00   149.3 WAM 1963 03/04/2014 C-1 Books